000 00576nam a2200193Ia 4500
003 GCL
008 140319s9999 xx 000 0 ara d
040 _aGCL /
_cGCL
082 0 4 _aم
_b615.53703
_bو م
100 1 _aوديع جبر
245 1 0 _aمعجم النباتات الطبية /
_cوديع جبر
260 _a[S.N] :
_bدار الجيل ،
_c1987
300 _a440 ص
490 _aدراسة فى ازمة الخليج
_v0
650 0 4 _aالمعاجم
650 0 4 _aالنباتات الطبية
650 0 4 _aالكتب المرجعية
942 _2ddc
_cREF
999 _c59247
_d59247